Birmingham City: The Premier League Years - Statistics

General Stats
  • This quiz has been taken 191 times
    20 since last reset
  • The average score is 10 of 22
Answer Stats
Answer % Correct
Steve Bruce
83%
Alex McLeish
72%
Damien Johnson
61%
Joe Hart
61%
Roger Johnson
61%
Ben Foster
50%
Cameron Jerome
50%
Craig Gardner
50%
Emile Heskey
50%
Maik Taylor
50%
Robbie Savage
44%
Sebastian Larsson
44%
Clinton Morrison
39%
Jermaine Pennant
39%
Mikael Forssell
39%
Stephen Carr
33%
Stephen Kelly
33%
Jiří Jarošík
28%
Kenny Cunningham
28%
Jeff Kenna
22%
Steve Vickers
11%
Krystian Pearce
0%
No matching quizzes found
Score Distribution
Percent of People with Each Score
Percentile by Number Answered
Your Score History
You have not taken this quiz since the last reset